000
00323nam a2200133Ia 4500
100
_a
Dunlop/John/ Grima/D
942
_c
RB
366
_f
10
654
_a
mobile communication
245
_a
Digital Mobile communications and the TETRA system
260
_b
John wiley
_a
New Delhi
_c
1999
300
_a
436
546
_a
ENGLISH
999
_c
32287
_d
32287